000 00642cab a2200217 4500
001 ABS57453
008 090401t xxu||||| |||| 00| 0 eng d
035 _a(Sirsi) u80323
041 _aeng
100 _aDelafons, J.
245 _aSustainable conservation
350 _a0
490 _aThe Built Environment
_v23(2),111-120(11)
520 _aIdentifies the problems inherent in conservation and heritage, suggests possible changes and forwards the idea of sustainable conservation.
650 _aGUIDANCE
650 _aHERITAGE
650 _aSUSTAINABLE CONSERVATION
690 _aCONSERVATION
942 _n0
948 _c19/08/1997
999 _c50584
_d50584